000 01396nam a22002177a 4500
999 _c59536
_d59536
003 Ge_BSU
005 20230313120143.0
008 230310s2002 ge ||||| |||| 00| 0 geo d
020 _a9992898305
041 _ageo
080 _a346.26(479.22)(094.4) ს-22
245 _aსამეწარმეო საქმიანობის ლიცენზირება და კონტროლი. სერტიფიკაცია და სტანდარტიზაცია საქართველოს კანონმდებლობაში.
_b
264 _aთბილისი :
_bბონა კაუზა,
_c2002.
300 _a102 გვ. ;
_b 20 სმ.
490 _aიურისტის ბიბლიოთეკა
653 _aსაქართველოს სამეწარმეო სამართალი
653 _aსაქართველოს კანონი სამეწარმეო საქმიანობის ლიცენზირებისა და კონტროლის შესახებ
653 _aსაქართველოს კანონი სერტიფიკაციის შესახებ.
653 _aსაქართველოს კანონი სტანდარტიზაციის შესახებ.
942 _2udc
_cBK